000 004850000a22001930004500
001 000487
003 MACL
005 20151017134257.0
008 151017b xxu||||| |||| 00| 0 eng d
040 _aMACL
_cMACL
041 _aEnglish
082 _a920/SEN
100 _aForbes, Geraldine
_915684
245 _aThe Memoris Of Dr. Haimabati Sen
_cGeraldine Forbes
260 _aNew Delhi
_c2000
_bLotus Collection,
350 _a495
650 _aBiography
_915685
942 _k920
_cBK
_2ddc
999 _c488
_d488